000 00633nam a2200229 i 4500
001 C2-0304785
003 PPAK
005 20180728085941.0
008 100617s1955 enk |||| ||||| | eng d
040 _aPPAK
_beng
_cPPAK
_erda
082 0 4 _a823
_223
090 0 0 _a823
_bHAR
_dKSI
100 1 _aHardy, Thomas,
_eauthor
245 1 4 _aThe life and death of the mayor of Casterbridge
264 1 _aOxford :
_bHeineman Educational ,
_c1955
300 _axxii, 346 pages ;
_c19 cm
336 _2rdacontent
_atext
337 _2rdamedia
_aunmediated
338 _2rdacarrier
_avolume
650 1 0 _aEnglish fiction.
942 _ddc
_cB
999 _c107899
_d107899